| 000 | 00696cab a22001935a 4500 | ||
|---|---|---|---|
| 001 | L144203 | ||
| 008 | 080703s2008 xxka e 000 0 eng d | ||
| 035 | _a(Sirsi) u144203 | ||
| 041 | 0 | _aeng | |
| 100 | 1 | _aGale, Jeffrey | |
| 245 | 0 | 4 |
_aThe eco-hamlet _bgarden-centred planning |
| 260 | _c2008 | ||
| 490 | _aTown & Country Planning | ||
| 520 | _aArticle proposes the development of small sustainable communities centred around gardens and details problems with current developments that would be addressed by similar developments, in addition to other economic and social benefits. | ||
| 590 | _aKA | ||
| 651 | 4 |
_aUnited Kingdom _y |
|
| 690 |
_aPlanning and development _96259 |
||
| 942 | _n0 | ||
| 999 |
_c80384 _d80384 |
||